000 005210000a22001930004500
003 LK-CoMWRAF
005 20230909000951.0
008 230817t ||||| |||| 00| 0 eng d
040 _aLK-CoMWRAF
_dLK-CoMWRAF
_eLK-CoMWRAF
041 _aeng
082 _a920
_bKAR
100 _aKarunatilake, H.N.S.
245 _aLife and times of Edward Henry Pedris :
_bNational hero
260 _aColombo
_bKrishnawamy
300 _a [vi], 24cm, ill, 23cm
650 _aAutobiography
650 _aSri Lanka-History
942 _cBK
999 _c2521
_d2521